{"text_format":"3","workbook":"xlsx","n_sheets":1,"sheets":["ORÇAMENTO"],"not_rendered":{"external_links":4,"defined_names":18},"read":"whole","date_system":"1900"}

{"sheet":"ORÇAMENTO","index":0,"n_rows":57,"n_cols":19,"rows_kept":57,"merged":[[1,12,1,14],[2,12,2,13],[3,12,3,13],[4,12,5,12],[7,1,7,14],[44,1,46,14]]}
[]
[null,"INSTALAÇÕES ELÉTRICAS RESIDÊNCIA QUE INCENDIOU",{"$nulls":10},"DADOS DO ORÇAMENTO"]
[null,"PREFEITURA MUNICIPAL DE SANTO AUGUSTO/RS",{"$nulls":10},"Data-Referência (SINAPI Porto Alegre)",null,"07-2026"]
[null,"CNPJ: 87.613.105/0001-02",{"$nulls":10},"BDI",null,{"v":0.2223,"d":"22.23%"}]
[{"$nulls":12},"Encargos sociais","Horista",{"v":1.1195,"d":"111.95%"}]
[{"$nulls":13},"Mensalista",{"v":0.6929,"d":"69.29%"}]
[]
[null,"PLANILHA ORÇAMENTÁRIA"]
[null,"ITEM","FONTE","CÓDIGO","DESCRIÇÃO","UNID","QUANT","BDI %","EVENTO","CUSTO UNITÁRIO (R$)\nMÃO DE OBRA","CUSTO UNITÁRIO (R$)\nMATERIAL","TOTAL UNITÁRIO (R$)","TOTAL (R$)\nMÃO DE OBRA","TOTAL (R$)\nMATERIAL","TOTAL GERAL (R$)","Dados copiados da Planilha Múltipla","Teste de arredondamento\ncélulas em vermelho tiveram que ter arredondamento de 0,01 na coluna M","MO","MAT"]
[null,"1.","SINAPI",null,"INSTALAÇÕES ELÉTRICAS - RESIDENCIAL","-",0,{"$nulls":5},{"$f":"M11+M13+M23+M29+M34+M39+M42","v":{"v":3743.6899999999996,"d":"3,743.69"}},{"$f":"N11+N13+N23+N29+N34+N39+N42","v":{"v":8352.54,"d":"8,352.54"}},{"v":12096.229999999998,"d":"12,096.23"},{"v":12096.22,"d":"12,096.22"},{"$f":"P10-O10","v":{"v":-0.00999999999839929,"d":"-0.01"}},{"$f":"M10/O10","v":{"v":0.3094922963601056,"d":"30.9%"}},{"$f":"N10/O10","v":{"v":0.6905077036398947,"d":"69.1%"}}]
[null,"1.1.","SINAPI",null,"ENTRADA DE ENERGIA","-",0,{"$nulls":5},{"$f":"SUM(M12)","v":608.11},{"$f":"SUM(N12)","v":{"v":2432.46,"d":"2,432.46"}},{"v":3040.57,"d":"3,040.57"},{"v":3040.57,"d":"3,040.57"},0,{"$f":"M11/O11","v":{"v":0.19999868445719057,"d":"20.0%"}},{"$f":"N11/O11","v":{"v":0.8000013155428094,"d":"80.0%"}}]
[null,"1.1.1.","Composição","001","ENTRADA DE ENERGIA ELÉTRICA, AÉREA, MONOFÁSICA, COM CAIXA DE SOBREPOR, CABO DE 16 MM2 E DISJUNTOR DIN 63A, INCLUSO  POSTE. PADRÃO RGE. FORNECIMENTO E INSTALAÇÃO. AF_12/2025. BASE SINAPI 101490","UN",{"v":1,"d":"1.00"},{"$f":"$O$4","v":{"v":0.2223,"d":"22.23%"}},null,{"$f":"ROUND(R12*L12,2)","v":608.11},{"$f":"L12-J12","v":{"v":2432.46,"d":"2,432.46"}},{"v":3040.57,"d":"3,040.57"},{"$f":"ROUND(J12*G12,2)","v":608.11},{"$f":"ROUND(K12*G12,2)","v":{"v":2432.46,"d":"2,432.46"}},{"$f":"M12+N12","v":{"v":3040.57,"d":"3,040.57"}},{"v":3040.57,"d":"3,040.57"},0,{"v":0.2,"d":"20.0%"}]
[null,"1.2.","SINAPI-I",null,"INFRAESTRUTURA","-",0,{"$f":"$O$4","v":0.2223},null,0,0,0,{"$f":"SUM(M14:M22)","v":{"v":1177.74,"d":"1,177.74"}},{"$f":"SUM(N14:N22)","v":{"v":1998.73,"d":"1,998.73"}},{"v":3176.47,"d":"3,176.47"},{"v":3176.46,"d":"3,176.46"},{"v":-0.009999999999763531,"d":"-0.01"}]
[null,"1.2.1.","SINAPI","90447","RASGO LINEAR MANUAL EM ALVENARIA, PARA ELETRODUTOS, DIÂMETROS MENORES OU IGUAIS A 40 MM. AF_09/2023","M",{"v":28.5,"d":"28.50"},{"v":0.2223,"d":"22.23%"},null,7.99,{"v":3.4299999999999997,"d":"3.43"},11.42,227.72,97.76,325.48,325.47,{"v":-0.009999999999990905,"d":"-0.01"},{"v":0.7,"d":"70.0%"}]
[null,"1.2.2.","SINAPI","90456","QUEBRA EM ALVENARIA PARA INSTALAÇÃO DE CAIXA DE TOMADA (4X4 OU 4X2). AF_09/2023","UN",{"v":18,"d":"18.00"},{"v":0.2223,"d":"22.23%"},null,5.29,2.26,7.55,95.22,40.68,{"v":135.9,"d":"135.90"},{"v":135.9,"d":"135.90"},0,{"v":0.7,"d":"70.0%"}]
[null,"1.2.3.","SINAPI","90457","QUEBRA EM ALVENARIA PARA INSTALAÇÃO DE QUADRO DISTRIBUIÇÃO PEQUENO (19X25 CM). AF_09/2023","UN",{"v":1,"d":"1.00"},{"v":0.2223,"d":"22.23%"},null,12.08,5.17,17.25,12.08,5.17,17.25,17.25,0,{"v":0.7,"d":"70.0%"}]
[null,"1.2.4.","SINAPI","97626","DEMOLIÇÃO DE PILARES E VIGAS EM CONCRETO ARMADO, DE FORMA MANUAL, SEM REAPROVEITAMENTO. AF_09/2023","M3",{"v":0.1,"d":"0.10"},{"v":0.2223,"d":"22.23%"},null,581.95,{"v":249.40999999999997,"d":"249.41"},831.36,{"v":58.2,"d":"58.20"},24.94,83.14,83.14,0,{"v":0.7,"d":"70.0%"}]
[null,"1.2.5.","SINAPI","90466","CHUMBAMENTO LINEAR EM ALVENARIA PARA RAMAIS/DISTRIBUIÇÃO DE INSTALAÇÕES HIDRÁULICAS COM DIÂMETROS MENORES OU IGUAIS A 40 MM. AF_09/2023","M",{"v":28.5,"d":"28.50"},{"v":0.2223,"d":"22.23%"},null,6.55,{"v":15.279999999999998,"d":"15.28"},21.83,{"$f":"ROUND(J18*G18,2)","v":186.68},435.48,{"v":622.1600000000001,"d":"622.16"},622.16,0,{"v":0.3,"d":"30.0%"}]
[null,"1.2.6.","SINAPI","91855","ELETRODUTO FLEXÍVEL CORRUGADO REFORÇADO, PVC, DN 25 MM (3/4\"), PARA CIRCUITOS TERMINAIS, INSTALADO EM PAREDE - FORNECIMENTO E INSTALAÇÃO. AF_03/2023","M",{"v":79,"d":"79.00"},{"v":0.2223,"d":"22.23%"},null,4.79,{"v":11.170000000000002,"d":"11.17"},15.96,378.41,882.43,{"v":1260.84,"d":"1,260.84"},{"v":1260.84,"d":"1,260.84"},0,{"v":0.3,"d":"30.0%"}]
[null,"1.2.7.","SINAPI","91940","CAIXA RETANGULAR 4\" X 2\" MÉDIA (1,30 M DO PISO), PVC, INSTALADA EM PAREDE - FORNECIMENTO E INSTALAÇÃO. AF_03/2023","UN",{"v":18,"d":"18.00"},{"v":0.2223,"d":"22.23%"},null,7.77,18.14,25.91,139.86,326.52,466.38,466.38,0,{"v":0.3,"d":"30.0%"}]
[null,"1.2.8.","SINAPI-I","1873","CAIXA DE PASSAGEM, EM PVC, DE 4\" X 4\", PARA ELETRODUTO FLEXIVEL CORRUGADO","UN",{"v":10,"d":"10.00"},{"v":0.2223,"d":"22.23%"},null,2.22,{"v":5.1899999999999995,"d":"5.19"},7.41,{"v":22.2,"d":"22.20"},{"v":51.9,"d":"51.90"},{"v":74.1,"d":"74.10"},{"v":74.1,"d":"74.10"},0,{"v":0.3,"d":"30.0%"}]
[null,"1.2.9.","Composição","003","QUADRO DE DISTRIBUIÇÃO DE ENERGIA EM PVC, DE EMBUTIR, SEM BARRAMENTO, PARA 6 DISJUNTORES - FORNECIMENTO E INSTALAÇÃO. AF_07/2025","UN",{"v":1,"d":"1.00"},{"v":0.2223,"d":"22.23%"},null,57.37,133.85,191.22,57.37,133.85,191.22,191.22,0,{"v":0.3,"d":"30.0%"}]
[null,"1.3.","SINAPI",null,"CABEAMENTO","-",0,0.2223,null,0,0,0,{"$f":"SUM(M24:M28)","v":{"v":861.0799999999999,"d":"861.08"}},{"$f":"SUM(N24:N28)","v":{"v":2718.9300000000003,"d":"2,718.93"}},{"v":3580.01,"d":"3,580.01"},{"v":3580.01,"d":"3,580.01"},0]
[null,"1.3.1.","SINAPI","91926","CABO DE COBRE FLEXÍVEL ISOLADO, 2,5 MM², ANTI-CHAMA 450/750 V, PARA CIRCUITOS TERMINAIS - FORNECIMENTO E INSTALAÇÃO. AF_03/2023","M",{"v":376.5,"d":"376.50"},{"v":0.2223,"d":"22.23%"},null,1.53,4.59,6.12,{"$f":"ROUND(J24*G24,2)-0.01","v":576.04},{"v":1728.14,"d":"1,728.14"},{"v":2304.1800000000003,"d":"2,304.18"},{"v":2304.18,"d":"2,304.18"},0,{"v":0.25,"d":"25.0%"}]
[null,"1.3.2.","SINAPI","91928","CABO DE COBRE FLEXÍVEL ISOLADO, 4 MM², ANTI-CHAMA 450/750 V, PARA CIRCUITOS TERMINAIS - FORNECIMENTO E INSTALAÇÃO. AF_03/2023","M",{"v":25.5,"d":"25.50"},{"v":0.2223,"d":"22.23%"},null,2.36,7.09,9.45,60.18,{"v":180.8,"d":"180.80"},{"v":240.98000000000002,"d":"240.98"},240.98,0,{"v":0.25,"d":"25.0%"}]
[null,"1.3.3.","SINAPI","91930","CABO DE COBRE FLEXÍVEL ISOLADO, 6 MM², ANTI-CHAMA 450/750 V, PARA CIRCUITOS TERMINAIS - FORNECIMENTO E INSTALAÇÃO. AF_03/2023","M",{"v":27,"d":"27.00"},{"v":0.2223,"d":"22.23%"},null,{"$f":"ROUND(R26*L26,2)","v":{"v":3.3,"d":"3.30"}},{"$f":"L26-J26","v":9.89},13.19,{"$f":"ROUND(J26*G26,2)","v":{"v":89.1,"d":"89.10"}},{"$f":"ROUND(K26*G26,2)","v":267.03},{"$f":"M26+N26","v":356.13},356.13,{"$f":"P26-O26","v":0},{"v":0.25,"d":"25.0%"}]
[null,"1.3.4.","SINAPI-I","39262","CABO MULTIPOLAR DE COBRE, FLEXIVEL, CLASSE 4 OU 5, ISOLACAO EM HEPR, COBERTURA EM PVC-ST2, ANTICHAMA BWF-B, 0,6/1 KV, 3 CONDUTORES DE 16 MM2","M",{"v":6.5,"d":"6.50"},{"v":0.2223,"d":"22.23%"},null,14.59,58.36,72.95,94.84,379.34,{"v":474.17999999999995,"d":"474.18"},474.18,0,{"v":0.2,"d":"20.0%"}]
[null,"1.3.5.","SINAPI","91934","CABO DE COBRE FLEXÍVEL ISOLADO, 16 MM², ANTI-CHAMA 450/750 V, PARA CIRCUITOS TERMINAIS - FORNECIMENTO E INSTALAÇÃO. AF_03/2023","M",{"v":6,"d":"6.00"},{"v":0.2223,"d":"22.23%"},null,6.82,{"v":27.270000000000003,"d":"27.27"},34.09,40.92,163.62,{"v":204.54000000000002,"d":"204.54"},204.54,0,{"v":0.2,"d":"20.0%"}]
[null,"1.4.","SINAPI",null,"MÓDULOS, TOMADAS, LUMINÁRIAS E ACABAMENTOS","-",0,0.2223,null,0,0,0,{"$f":"SUM(M30:M33)","v":{"v":478.21999999999997,"d":"478.22"}},{"$f":"SUM(N30:N33)","v":717.28},{"v":1195.5,"d":"1,195.50"},{"v":1195.5,"d":"1,195.50"},0]
[null,"1.4.1.","SINAPI","92008","TOMADA BAIXA DE EMBUTIR (2 MÓDULOS), 2P+T 10 A, INCLUINDO SUPORTE E PLACA - FORNECIMENTO E INSTALAÇÃO. AF_03/2023","UN",{"v":9,"d":"9.00"},{"v":0.2223,"d":"22.23%"},null,27.08,40.61,67.69,243.72,365.49,609.21,609.21,0,{"v":0.4,"d":"40.0%"}]
[null,"1.4.2.","SINAPI","91993","TOMADA ALTA DE EMBUTIR (1 MÓDULO), 2P+T 20 A, INCLUINDO SUPORTE E PLACA - FORNECIMENTO E INSTALAÇÃO. AF_03/2023","UN",{"v":1,"d":"1.00"},{"v":0.2223,"d":"22.23%"},null,{"v":26.6,"d":"26.60"},{"v":39.910000000000004,"d":"39.91"},66.51,{"v":26.6,"d":"26.60"},39.91,{"v":66.50999999999999,"d":"66.51"},66.51,0,{"v":0.4,"d":"40.0%"}]
[null,"1.4.3.","SINAPI","92023","INTERRUPTOR SIMPLES (1 MÓDULO) COM 1 TOMADA DE EMBUTIR 2P+T 10 A, INCLUINDO SUPORTE E PLACA - FORNECIMENTO E INSTALAÇÃO. AF_03/2023","UN",{"v":6,"d":"6.00"},{"v":0.2223,"d":"22.23%"},null,28.45,{"v":42.67999999999999,"d":"42.68"},71.13,{"v":170.7,"d":"170.70"},256.08,426.78,426.78,0,{"v":0.4,"d":"40.0%"}]
[null,"1.4.4.","SINAPI","92027","INTERRUPTOR SIMPLES (2 MÓDULOS) COM 1 TOMADA DE EMBUTIR 2P+T 10 A, INCLUINDO SUPORTE E PLACA - FORNECIMENTO E INSTALAÇÃO. AF_03/2023","UN",{"v":1,"d":"1.00"},{"v":0.2223,"d":"22.23%"},null,{"v":37.2,"d":"37.20"},{"v":55.8,"d":"55.80"},{"v":93,"d":"93.00"},{"v":37.2,"d":"37.20"},{"v":55.8,"d":"55.80"},{"v":93,"d":"93.00"},{"v":93,"d":"93.00"},0,{"v":0.4,"d":"40.0%"}]
[null,"1.5.","SINAPI",null,"DISJUNTORES E PROTEÇÃO","-",0,0.2223,null,0,0,0,{"$f":"SUM(M35:M38)","v":{"v":38.480000000000004,"d":"38.48"}},{"$f":"SUM(N35:N38)","v":{"v":218,"d":"218.00"}},256.48,256.48,0]
[null,"1.5.1.","SINAPI","93655","DISJUNTOR MONOPOLAR TIPO DIN, CORRENTE NOMINAL DE 20A - FORNECIMENTO E INSTALAÇÃO. AF_07/2025","UN",{"v":1,"d":"1.00"},{"v":0.2223,"d":"22.23%"},null,2.18,12.33,14.51,2.18,12.33,14.51,14.51,0,{"v":0.15,"d":"15.0%"}]
[null,"1.5.2.","SINAPI","93656","DISJUNTOR MONOPOLAR TIPO DIN, CORRENTE NOMINAL DE 25A - FORNECIMENTO E INSTALAÇÃO. AF_07/2025","UN",{"v":2,"d":"2.00"},{"v":0.2223,"d":"22.23%"},null,2.37,{"v":13.399999999999999,"d":"13.40"},15.77,4.74,{"v":26.8,"d":"26.80"},31.54,31.54,0,{"v":0.15,"d":"15.0%"}]
[null,"1.5.3.","SINAPI","93658","DISJUNTOR MONOPOLAR TIPO DIN, CORRENTE NOMINAL DE 40A - FORNECIMENTO E INSTALAÇÃO. AF_07/2025","UN",{"v":1,"d":"1.00"},{"v":0.2223,"d":"22.23%"},null,{"v":3.8,"d":"3.80"},21.56,25.36,{"$f":"ROUND(J37*G37,2)","v":{"v":3.8,"d":"3.80"}},21.56,25.36,25.36,0,{"v":0.15,"d":"15.0%"}]
[null,"1.5.4.","SINAPI","106030","DISJUNTOR BIPOLAR DR 63A - FORNECIMENTO E INSTALAÇÃO. AF_07/2025","UN",{"v":1,"d":"1.00"},{"v":0.2223,"d":"22.23%"},null,27.76,157.31,185.07,27.76,157.31,185.07,185.07,0,{"v":0.15,"d":"15.0%"}]
[null,"1.6.","SINAPI",null,"SERVIÇOS FINAIS","-",0,0.2223,null,{"$f":"ROUND(R39*L39,2)","v":0},{"$f":"L39-J39","v":0},0,{"$f":"SUM(M40:M41)","v":115.05},{"$f":"SUM(N40:N41)","v":67.85},{"v":182.89999999999998,"d":"182.90"},{"v":182.9,"d":"182.90"},{"$f":"P39-O39","v":0}]
[null,"1.6.1.","SINAPI","99811","LIMPEZA DE CONTRAPISO COM VASSOURA A SECO. AF_10/2025","M2",{"v":59,"d":"59.00"},{"v":0.2223,"d":"22.23%"},null,0.62,0.27,0.89,{"$f":"ROUND(J40*G40,2)","v":36.58},{"$f":"ROUND(K40*G40,2)","v":15.93},{"$f":"M40+N40","v":52.51},52.51,0,{"v":0.7,"d":"70.0%"}]
[null,"1.6.2.","SINAPI","99814","LIMPEZA DE SUPERFÍCIE PISO OU PAREDE COM JATO DE ALTA PRESSÃO. AF_10/2025","M2",{"v":59,"d":"59.00"},{"v":0.2223,"d":"22.23%"},null,1.33,{"v":0.8799999999999999,"d":"0.88"},2.21,78.47,51.92,130.39,130.39,0,{"v":0.6,"d":"60.0%"}]
[null,"1.7.","SINAPI",null,"ADMINISTRAÇÃO LOCAL","-",0,0.2223,null,0,0,0,{"$f":"SUM(M43)","v":465.01},{"$f":"SUM(N43)","v":199.29},{"v":664.3,"d":"664.30"},{"v":664.3,"d":"664.30"},0]
[null,"1.7.1.","Composição","004","ADMINISTRAÇÃO LOCAL","UN",{"v":1,"d":"1.00"},{"v":0.2223,"d":"22.23%"},null,465.01,{"v":199.28999999999996,"d":"199.29"},{"v":664.3,"d":"664.30"},465.01,199.29,{"v":664.3,"d":"664.30"},{"v":664.3,"d":"664.30"},0,{"v":0.7,"d":"70.0%"}]
[]
[null,"Declaro que os custos unitários adotados atendem ao regime de contribuição previdenciária NÃO DESONERADO, sendo esta a alternativa mais adequada para a Administração Pública, e que o detalhamento de encargos sociais atendem ao estabelecido no SINAPI  desta unidade da federação, para mão-de-obra horista e mensalista."]
[]
[]
[]
[]
[]
[null,"Responsável Técnico pela Elaboração do Orçamento:"]
[{"$nulls":14},"Santo Augusto/RS"]
[{"$nulls":14},{"$f":"TODAY()","v":"2026-08-14"}]
[]
[]
[{"$nulls":4},"Ademir Schmadecke Milnikel",{"$nulls":6},"Prefeitura Municipal de Santo Augusto"]
[{"$nulls":4},"CREA-RS 231052"]